000 00611nam a2200241 a 4500
001 nice12345678
003 IN_TiNIC
005 20260116013837.0
008 050524s1998 newa grp 000 0 eng
020 _a8170207
_c325
082 0 0 _a923.2
_bBAN
100 _aBanerjee, Mamta
245 _aStruggle for Existence
260 _aNew Delhi
_bCosmo Publications
_c1998
300 _a189p
500 _aincludes index and biblioraphy
505 2 _aThemes in politics series
650 _aBiography-Politician
700 1 _aBanerjee, Mamta
902 _bSRS
942 _cBK
999 _c12775
_d12775